Aufstellung CL-Finale 2013 - Statistiken

Allgemein
  • Dieses Quiz wurde 389 mal gespielt
  • Das Durchschnittsergebnis liegt bei 18 aus 26
Antwortstatistiken
Verein Postion Antwort % Korrekt
FCB TW Manuel Neuer
97%
BVB TW Roman Weidenfeller
95%
FCB RM Arjen Robben
94%
BVB IV Mats Hummels
93%
BVB ST Robert Lewandowski
93%
FCB LM Franck Ribery
92%
FCB RV Philipp Lahm
92%
FCB IV Jerome Boateng
90%
BVB ZOM Marco Reus
88%
FCB ZOM Thomas Müller
84%
FCB ZM Bastian Schweinsteiger
83%
FCB ST Mario Mandzukic
76%
BVB LV Marcel Schmelzer
75%
FCB LV David Alaba
71%
BVB ZM Ilkay Gündogan
70%
BVB IV Neven Subotic
70%
FCB Einwechslung ST Mario Gomez
65%
FCB IV Dante
64%
FCB ZM Javi Martinez
57%
BVB LM Kevin Großkreutz
49%
BVB RV Lukasz Piszczek
40%
BVB RM Jakub Blaszczykowski
39%
BVB ZM Sven Bender
39%
BVB Einwechslung ZM Nuri Sahin
31%
BVB Einwechslung ST Julian Schieber
21%
FCB EInwechslung ZM Luis Gustavo
16%
Keine übereinstimmenden Quizze gefunden
Verteilung der Resultate
Anzahl Personen mit jedem Resultat
Perzentil nach korrekt beantworteten Fragen
Ihre Resultats-Entwicklung
Sie haben dieses Quiz noch nicht gespielt